[Event "Bundesliga 0001"]
[Site "Deutschland"]
[Date "2000.10.15"]
[Round "2.8"]
[White "Kuraszkiewicz, Michael"]
[Black "Hennig, Dirk"]
[Result "1-0"]
[WhiteElo "2309"]
[BlackElo "2442"]
[PlyCount "69"]
[EventDate "2000.10.14"]
[EventType "team"]
[EventRounds "15"]
[EventCountry "GER"]
[SourceTitle "Bundesliga 0001"]
[Source "DeepChess"]
[SourceDate "2005.01.01"]
[SourceVersion "1"]
[SourceVersionDate "2005.01.01"]
[SourceQuality "1"]
[WhiteTeam "SK Koenig Plauen"]
[BlackTeam "SV Castrop Rauxel 1923"]
[WhiteTeamCountry "GER"]
[BlackTeamCountry "GER"]

1. d4 g6 2. e4 Bg7 3. Nc3 c6 4. Be3 d5 5. Qd2 Nf6 6. e5 Ng4 7. Bf4 h5 8. h3 Nh6
9. Nf3 Nd7 10. e6 fxe6 11. Bd3 Nf5 12. O-O-O Nf8 13. Ne2 h4 14. g4 hxg3 15.
fxg3 Qb6 16. g4 Nd6 17. Be5 Bf6 18. Qf4 Qd8 19. h4 Rg8 20. Rdf1 Kd7 21. Ng5
Bxg5 22. Qxg5 Qe8 23. h5 b6 24. Qf4 g5 25. Qf2 Nc4 26. Bxc4 dxc4 27. Qf7 Qxf7
28. Rxf7 Bb7 29. Rhf1 c5 30. dxc5 Be4 31. Nc3 Bg2 32. R1f2 Bh3 33. Ne4 Kc6 34.
Rxe7 Nd7 35. Rxd7 1-0

[Event "Bundesliga 0001"]
[Site "Deutschland"]
[Date "2000.10.15"]
[Round "2.3"]
[White "Rustemov, Alexander"]
[Black "Hertneck, Gerald"]
[Result "1-0"]
[WhiteElo "2534"]
[BlackElo "2541"]
[PlyCount "79"]
[EventDate "2000.10.14"]
[EventType "team"]
[EventRounds "15"]
[EventCountry "GER"]
[SourceTitle "Bundesliga 0001"]
[Source "DeepChess"]
[SourceDate "2005.01.01"]
[SourceVersion "1"]
[SourceVersionDate "2005.01.01"]
[SourceQuality "1"]
[WhiteTeam "SV Wattenscheid 1930"]
[BlackTeam "TV Tegernsee"]
[WhiteTeamCountry "GER"]
[BlackTeamCountry "GER"]

1. Nf3 Nf6 2. c4 e6 3. Nc3 d5 4. d4 Nbd7 5. cxd5 exd5 6. Bf4 c6 7. Qc2 Be7 8.
h3 Nf8 9. e3 Ng6 10. Bh2 Bd6 11. Bxd6 Qxd6 12. Bd3 O-O 13. O-O-O Bd7 14. g4
Rae8 15. Kb1 Re7 16. Ka1 Rfe8 17. Rdg1 Ne4 18. h4 c5 19. h5 Nf8 20. dxc5 Nxc5
21. g5 Rd8 22. Nd4 Nxd3 23. Qxd3 a6 24. Nce2 Qe5 25. Nf4 Bc8 26. a3 Qe4 27. Qc3
Ree8 28. h6 g6 29. Nc6 d4 30. Nxd4 Qe5 31. Nd3 Qh8 32. Nc5 b6 33. Na4 Ne6 34.
Nxe6 Qxc3 35. Nxc3 Bxe6 36. Ne4 Kh8 37. Nf6 Rf8 38. Rd1 Rc8 39. Rd6 Rc2 40.
Rhd1 1-0

[Event "Bundesliga 0001"]
[Site "Deutschland"]
[Date "2000.10.15"]
[Round "2.4"]
[White "Beim, Valery"]
[Black "Handke, Florian"]
[Result "1-0"]
[WhiteElo "2528"]
[BlackElo "2455"]
[PlyCount "93"]
[EventDate "2000.10.14"]
[EventType "team"]
[EventRounds "15"]
[EventCountry "GER"]
[SourceTitle "Bundesliga 0001"]
[Source "DeepChess"]
[SourceDate "2005.01.01"]
[SourceVersion "1"]
[SourceVersionDate "2005.01.01"]
[SourceQuality "1"]
[WhiteTeam "TV Tegernsee"]
[BlackTeam "SV Wattenscheid 1930"]
[WhiteTeamCountry "GER"]
[BlackTeamCountry "GER"]

1. c4 c5 2. Nf3 Nc6 3. d4 cxd4 4. Nxd4 Nf6 5. Nc3 e6 6. a3 a6 7. e4 Qc7 8. Be3
Ne5 9. Be2 h5 10. h3 Ng6 11. O-O Nf4 12. Re1 g5 13. Bf1 g4 14. Qd2 Ng6 15. Bg5
Qe5 16. f4 gxf3 17. Nxf3 Qc5+ 18. Be3 Qc7 19. Bd4 e5 20. Nxe5 Nxe5 21. Nd5 Nxd5
22. Bxe5 Qb6+ 23. Bd4 Bc5 24. exd5+ Kf8 25. Bxc5+ Qxc5+ 26. Kh1 Qd6 27. Qd4 Rh6
28. c5 Qf6 29. Re5 d6 30. cxd6 Bd7 31. Bd3 Re8 32. Rxe8+ Bxe8 33. Qb4 Qxd6 34.
Qxb7 Qb6 35. Qxb6 Rxb6 36. b4 Bb5 37. Be4 Ke7 38. Bf3 h4 39. Re1+ Kd6 40. Re4
Kxd5 41. Rxh4+ Ke5 42. Re4+ Kf5 43. Rd4 Re6 44. Bg4+ Ke5 45. Bxe6 Kxd4 46. Bxf7
Kc3 47. h4 1-0

[Event "Bundesliga 0001"]
[Site "Deutschland"]
[Date "2000.10.15"]
[Round "2.5"]
[White "Holzke, Frank"]
[Black "Stangl, Markus"]
[Result "1/2-1/2"]
[WhiteElo "2470"]
[BlackElo "2479"]
[PlyCount "91"]
[EventDate "2000.10.14"]
[EventType "team"]
[EventRounds "15"]
[EventCountry "GER"]
[SourceTitle "Bundesliga 0001"]
[Source "DeepChess"]
[SourceDate "2005.01.01"]
[SourceVersion "1"]
[SourceVersionDate "2005.01.01"]
[SourceQuality "1"]
[WhiteTeam "SV Wattenscheid 1930"]
[BlackTeam "TV Tegernsee"]
[WhiteTeamCountry "GER"]
[BlackTeamCountry "GER"]

1. e4 c5 2. Nf3 d6 3. d4 cxd4 4. Nxd4 Nf6 5. Nc3 e6 6. g3 a6 7. Bg2 Be7 8. O-O
O-O 9. Be3 Bd7 10. Qe2 Nc6 11. Nxc6 Bxc6 12. a4 Qc7 13. Rfb1 b5 14. axb5 axb5
15. Rxa8 Rxa8 16. Nxb5 Qb7 17. Nc3 Nxe4 18. Bxe4 Bxe4 19. Nxe4 Qxe4 20. Qd3
Qxd3 21. cxd3 Rb8 22. b4 Rb5 23. Kf1 d5 24. Rc1 f6 25. Rc8+ Kf7 26. Rc7 Kf8 27.
Rc8+ Kf7 28. Rc7 Kf8 29. Bc5 Bxc5 30. bxc5 Rb2 31. Rd7 Rc2 32. d4 h5 33. h4 g6
34. Ke1 Rc4 35. Ke2 Rxd4 36. c6 Ke8 37. Rg7 Kd8 38. c7+ Kc8 39. Rxg6 Re4+ 40.
Kd3 Kxc7 41. Rxf6 Kd6 42. Rh6 Re5 43. f4 Rf5 44. Kd4 Ke7 45. Kc5 e5 46. fxe5
1/2-1/2

[Event "Bundesliga 0001"]
[Site "Deutschland"]
[Date "2000.10.15"]
[Round "2.6"]
[White "Teske, Henrik"]
[Black "Ellers, Holger"]
[Result "1/2-1/2"]
[WhiteElo "2463"]
[BlackElo "2418"]
[PlyCount "47"]
[EventDate "2000.10.14"]
[EventType "team"]
[EventRounds "15"]
[EventCountry "GER"]
[SourceTitle "Bundesliga 0001"]
[Source "DeepChess"]
[SourceDate "2005.01.01"]
[SourceVersion "1"]
[SourceVersionDate "2005.01.01"]
[SourceQuality "1"]
[WhiteTeam "TV Tegernsee"]
[BlackTeam "SV Wattenscheid 1930"]
[WhiteTeamCountry "GER"]
[BlackTeamCountry "GER"]

1. c4 e6 2. Nf3 d5 3. d4 Nf6 4. Nc3 Bb4 5. cxd5 exd5 6. Bg5 Nbd7 7. e3 c5 8.
Bxf6 Nxf6 9. Bb5+ Bd7 10. Bxd7+ Qxd7 11. O-O O-O 12. dxc5 Bxc3 13. bxc3 Rac8
14. Qd4 Rfe8 15. Nd2 Qc7 16. Rab1 Re7 17. Nb3 Re4 18. Qd3 Rc4 19. Rb2 a5 20.
Rfb1 Rb8 21. h3 h6 22. c6 Rxc6 23. Qb5 b6 24. Qf1 1/2-1/2

[Event "Bundesliga 0001"]
[Site "Deutschland"]
[Date "2000.10.15"]
[Round "2.7"]
[White "Sjodahl, Pontus"]
[Black "Gross, David2"]
[Result "0-1"]
[WhiteElo "2414"]
[BlackElo "2484"]
[PlyCount "53"]
[EventDate "2000.10.14"]
[EventType "team"]
[EventRounds "15"]
[EventCountry "GER"]
[SourceTitle "Bundesliga 0001"]
[Source "DeepChess"]
[SourceDate "2005.01.01"]
[SourceVersion "1"]
[SourceVersionDate "2005.01.01"]
[SourceQuality "1"]
[WhiteTeam "SV Wattenscheid 1930"]
[BlackTeam "TV Tegernsee"]
[WhiteTeamCountry "GER"]
[BlackTeamCountry "GER"]

1. d4 Nf6 2. c4 e6 3. Nf3 b6 4. a3 Bb7 5. Nc3 d5 6. Bg5 Be7 7. Qa4+ Bc6 8. Qc2
dxc4 9. e3 b5 10. Ne5 a6 11. a4 O-O 12. axb5 axb5 13. Rxa8 Bxa8 14. Nxb5 c5 15.
dxc5 Qa5+ 16. Nc3 Qxc5 17. Bxf6 Bxf6 18. Nxc4 Bxg2 19. Rg1 Ba8 20. Bd3 h6 21.
Ne4 Bxe4 22. Bxe4 Rc8 23. b3 Nc6 24. Kf1 Ne5 25. Kg2 Nxc4 26. Qxc4 Qg5+ 27. Kh1
0-1

[Event "Bundesliga 0001"]
[Site "Deutschland"]
[Date "2000.10.15"]
[Round "2.8"]
[White "Kachiani Gersinska, Ketino"]
[Black "Straeter, Timo"]
[Result "1/2-1/2"]
[WhiteElo "2448"]
[BlackElo "2370"]
[PlyCount "62"]
[EventDate "2000.10.14"]
[EventType "team"]
[EventRounds "15"]
[EventCountry "GER"]
[SourceTitle "Bundesliga 0001"]
[Source "DeepChess"]
[SourceDate "2005.01.01"]
[SourceVersion "1"]
[SourceVersionDate "2005.01.01"]
[SourceQuality "1"]
[WhiteTeam "TV Tegernsee"]
[BlackTeam "SV Wattenscheid 1930"]
[WhiteTeamCountry "GER"]
[BlackTeamCountry "GER"]

1. d4 e6 2. c4 f5 3. g3 Nf6 4. Bg2 c6 5. Nf3 d5 6. O-O Bd6 7. Bf4 O-O 8. Bxd6
Qxd6 9. Qc2 Bd7 10. e3 Be8 11. Na3 Ne4 12. Ne5 Nd7 13. f3 Nef6 14. f4 Ne4 15.
Bxe4 fxe4 16. c5 Qe7 17. Qe2 Nxe5 18. fxe5 Bg6 19. b4 Qg5 20. Rf4 Bh5 21. Qf2
Bf3 22. Nc2 Qe7 23. Rf1 g5 24. Rxf8+ Rxf8 25. Ne1 Rf5 26. Qb2 Qe8 27. a4 a6 28.
Rf2 h5 29. h3 Bd1 30. a5 Qf7 31. Qd2 Bf3 1/2-1/2

[Event "Bundesliga 0001"]
[Site "Deutschland"]
[Date "2000.12.09"]
[Round "3.5"]
[White "Kveinys, Aloyzas"]
[Black "Huebner, Robert"]
[Result "1/2-1/2"]
[WhiteElo "2522"]
[BlackElo "2615"]
[PlyCount "83"]
[EventDate "2000.10.14"]
[EventType "team"]
[EventRounds "15"]
[EventCountry "GER"]
[SourceTitle "Bundesliga 0001"]
[Source "DeepChess"]
[SourceDate "2005.01.01"]
[SourceVersion "1"]
[SourceVersionDate "2005.01.01"]
[SourceQuality "1"]
[WhiteTeam "Godesberger SK 1929"]
[BlackTeam "SG 1868 Aljech. Solingen"]
[WhiteTeamCountry "GER"]
[BlackTeamCountry "GER"]

1. e4 e6 2. d4 d5 3. Nd2 c5 4. Ngf3 cxd4 5. Nxd4 Nc6 6. Bb5 Bd7 7. Nxc6 Bxc6 8.
Bxc6+ bxc6 9. c4 Bc5 10. cxd5 cxd5 11. exd5 exd5 12. Nb3 Bb6 13. Qe2+ Ne7 14.
Bg5 f6 15. Be3 O-O 16. O-O Re8 17. Bxb6 axb6 18. Qe6+ Kf8 19. Nd4 Ng6 20. Rfd1
Ne5 21. b3 Rc8 22. Qh3 Kg8 23. Qg3 Rc5 24. h3 Qd7 25. Rd2 b5 26. Rad1 b4 27.
Qf4 Ng6 28. Qg4 Qxg4 29. hxg4 Ra8 30. Nf5 Raa5 31. Kh2 Kf8 32. Kg3 Ne7 33. Nd4
Kf7 34. Re1 Rc8 35. Rde2 Ng6 36. Nf5 Rd8 37. Ne7 Rda8 38. Nc6 Rxa2 39. Rxa2
Rxa2 40. Rb1 Rc2 41. Nxb4 Rc3+ 42. f3 1/2-1/2

[Event "Bundesliga 0001"]
[Site "Deutschland"]
[Date "2000.12.09"]
[Round "3.6"]
[White "Sadler, Matthew"]
[Black "Langheinrich, Ferenc"]
[Result "1-0"]
[WhiteElo "2628"]
[BlackElo "2384"]
[PlyCount "67"]
[EventDate "2000.10.14"]
[EventType "team"]
[EventRounds "15"]
[EventCountry "GER"]
[SourceTitle "Bundesliga 0001"]
[Source "DeepChess"]
[SourceDate "2005.01.01"]
[SourceVersion "1"]
[SourceVersionDate "2005.01.01"]
[SourceQuality "1"]
[WhiteTeam "SG 1868 Aljech. Solingen"]
[BlackTeam "Godesberger SK 1929"]
[WhiteTeamCountry "GER"]
[BlackTeamCountry "GER"]

1. Nf3 Nf6 2. g3 g6 3. Bg2 Bg7 4. d3 O-O 5. O-O d5 6. Bf4 c5 7. Nc3 d4 8. Na4
Qa5 9. c4 Bd7 10. b3 Bc6 11. Bd2 Qc7 12. b4 cxb4 13. a3 bxa3 14. Nxd4 Bxg2 15.
Kxg2 Nbd7 16. Bb4 Rfe8 17. Nc3 e5 18. Ndb5 Qc6+ 19. f3 e4 20. fxe4 Ng4 21. Nd5
Nb6 22. Nbc7 Rac8 23. Nxe8 Nxd5 24. cxd5 Qxe8 25. Qb3 Bxa1 26. Rxa1 Qe5 27.
Qxa3 Qd4 28. Be1 Ne3+ 29. Kh1 Qf6 30. Bd2 Nf1 31. Bf4 g5 32. Rxf1 gxf4 33. Rxf4
Qd4 34. Qe7 1-0

[Event "Bundesliga 0001"]
[Site "Deutschland"]
[Date "2000.12.09"]
[Round "3.7"]
[White "Seger, Ruediger"]
[Black "Emms, John M"]
[Result "1/2-1/2"]
[WhiteElo "2399"]
[BlackElo "2527"]
[PlyCount "51"]
[EventDate "2000.10.14"]
[EventType "team"]
[EventRounds "15"]
[EventCountry "GER"]
[SourceTitle "Bundesliga 0001"]
[Source "DeepChess"]
[SourceDate "2005.01.01"]
[SourceVersion "1"]
[SourceVersionDate "2005.01.01"]
[SourceQuality "1"]
[WhiteTeam "Godesberger SK 1929"]
[BlackTeam "SG 1868 Aljech. Solingen"]
[WhiteTeamCountry "GER"]
[BlackTeamCountry "GER"]

1. e4 c5 2. c3 d5 3. exd5 Qxd5 4. d4 Nf6 5. Nf3 Nc6 6. Be3 cxd4 7. cxd4 e6 8.
Nc3 Qd6 9. a3 Be7 10. Bd3 b6 11. O-O O-O 12. Qe2 Bb7 13. Rad1 Rfd8 14. Rfe1
Rac8 15. Bg5 h6 16. Bxf6 Bxf6 17. d5 Nd4 18. Nxd4 Bxd4 19. dxe6 Qxe6 20. Qxe6
fxe6 21. Nb5 Bxb2 22. Nxa7 Ra8 23. Nb5 Bd5 24. Nc7 Rxa3 25. Be4 Rf8 26. Nxd5
1/2-1/2

[Event "Bundesliga 0001"]
[Site "Deutschland"]
[Date "2000.12.09"]
[Round "3.8"]
[White "Lobron, Eric"]
[Black "Breder, Dennis"]
[Result "1-0"]
[WhiteElo "2530"]
[BlackElo "2336"]
[PlyCount "69"]
[EventDate "2000.10.14"]
[EventType "team"]
[EventRounds "15"]
[EventCountry "GER"]
[SourceTitle "Bundesliga 0001"]
[Source "DeepChess"]
[SourceDate "2005.01.01"]
[SourceVersion "1"]
[SourceVersionDate "2005.01.01"]
[SourceQuality "1"]
[WhiteTeam "SG 1868 Aljech. Solingen"]
[BlackTeam "Godesberger SK 1929"]
[WhiteTeamCountry "GER"]
[BlackTeamCountry "GER"]

1. Nf3 c5 2. c4 Nc6 3. e3 e5 4. Nc3 f5 5. d4 e4 6. d5 exf3 7. dxc6 fxg2 8.
cxd7+ Qxd7 9. Bxg2 Qxd1+ 10. Kxd1 Nf6 11. b3 Bd6 12. Bb2 O-O 13. f4 Rf7 14. Ke2
Bf8 15. Nd5 Ne4 16. Rhg1 Kh8 17. Rad1 Bd7 18. Be5 Re8 19. Bf3 Bc6 20. Bh5 Rxe5
21. Bxf7 Bxd5 22. Bxd5 Nc3+ 23. Kf3 Re7 24. Rd2 g6 25. h4 Rd7 26. h5 Rd6 27.
hxg6 hxg6 28. Re1 Ne4 29. Rh2+ Kg7 30. Bxe4 fxe4+ 31. Kxe4 Kf7 32. Ree2 Bg7 33.
Rd2 Re6+ 34. Kf3 Ke8 35. Rd5 1-0

[Event "Bundesliga 0001"]
[Site "Deutschland"]
[Date "2000.12.09"]
[Round "3.2"]
[White "Bischoff, Klaus"]
[Black "Dorfman, Josif D"]
[Result "1/2-1/2"]
[WhiteElo "2556"]
[BlackElo "2600"]
[PlyCount "79"]
[EventDate "2000.10.14"]
[EventType "team"]
[EventRounds "15"]
[EventCountry "GER"]
[SourceTitle "Bundesliga 0001"]
[Source "DeepChess"]
[SourceDate "2005.01.01"]
[SourceVersion "1"]
[SourceVersionDate "2005.01.01"]
[SourceQuality "1"]
[WhiteTeam "SK Koenig Plauen"]
[BlackTeam "Hamburger SK 1830 e.V."]
[WhiteTeamCountry "GER"]
[BlackTeamCountry "GER"]

1. b3 d5 2. e3 Bf5 3. Bb2 e6 4. Nf3 Nf6 5. d3 h6 6. Nbd2 Bh7 7. a3 c5 8. c4
Nbd7 9. Be2 Bd6 10. O-O O-O 11. d4 Rc8 12. cxd5 Nxd5 13. Rc1 Re8 14. Nc4 Bf8
15. dxc5 Rxc5 16. b4 Rc7 17. Qb3 Qa8 18. Nfe5 N7f6 19. Nd3 Rcc8 20. Rfd1 Red8
21. Nde5 Qb8 22. Bd4 Rc7 23. Nd3 Rcc8 24. f3 b6 25. Nde5 Nd7 26. Nxd7 Rxd7 27.
Be5 Qb7 28. e4 Nf6 29. Qb2 Ne8 30. Rxd7 Qxd7 31. Rd1 Qb7 32. Qd2 Qa8 33. Kf1
Bg6 34. Bb2 f6 35. Qd7 Bf7 36. Ne3 Rc7 37. Qd8 Rc8 38. Qd7 Rc7 39. Qd8 Rc8 40.
Qd7 1/2-1/2

[Event "Bundesliga 0001"]
[Site "Deutschland"]
[Date "2000.12.09"]
[Round "3.4"]
[White "Kindermann, Stefan"]
[Black "Mueller, Karsten"]
[Result "1/2-1/2"]
[WhiteElo "2519"]
[BlackElo "2513"]
[PlyCount "71"]
[EventDate "2000.10.14"]
[EventType "team"]
[EventRounds "15"]
[EventCountry "GER"]
[SourceTitle "Bundesliga 0001"]
[Source "DeepChess"]
[SourceDate "2005.01.01"]
[SourceVersion "1"]
[SourceVersionDate "2005.01.01"]
[SourceQuality "1"]
[WhiteTeam "SK Koenig Plauen"]
[BlackTeam "Hamburger SK 1830 e.V."]
[WhiteTeamCountry "GER"]
[BlackTeamCountry "GER"]

1. e4 d5 2. exd5 Qxd5 3. Nc3 Qa5 4. d4 c6 5. Bc4 Bf5 6. Bd2 e6 7. d5 cxd5 8.
Nxd5 Qd8 9. Qe2 Ne7 10. Ne3 Nbc6 11. Nf3 Qc7 12. O-O-O O-O-O 13. Bc3 Rxd1+ 14.
Rxd1 Bg6 15. Bb5 a6 16. Ba4 Qf4 17. Nd4 Qc7 18. Qd2 Nxd4 19. Qxd4 b5 20. Bb3
Nc6 21. Qg4 Kb8 22. Qf3 Bc5 23. Bxg7 Rc8 24. Qg3 Qxg3 25. hxg3 Bxe3+ 26. fxe3
Na5 27. c3 Nxb3+ 28. axb3 Rc5 29. Rd4 Rd5 30. g4 Rxd4 31. exd4 Be4 32. g3 Bf3
33. g5 Bd5 34. b4 Bb3 35. Kd2 Kc7 36. Ke3 1/2-1/2

[Event "Bundesliga 0001"]
[Site "Deutschland"]
[Date "2000.12.09"]
[Round "3.5"]
[White "Gustafsson, Jan"]
[Black "Espig, Lutz"]
[Result "1/2-1/2"]
[WhiteElo "2506"]
[BlackElo "2401"]
[PlyCount "145"]
[EventDate "2000.10.14"]
[EventType "team"]
[EventRounds "15"]
[EventCountry "GER"]
[SourceTitle "Bundesliga 0001"]
[Source "DeepChess"]
[SourceDate "2005.01.01"]
[SourceVersion "1"]
[SourceVersionDate "2005.01.01"]
[SourceQuality "1"]
[WhiteTeam "Hamburger SK 1830 e.V."]
[BlackTeam "SK Koenig Plauen"]
[WhiteTeamCountry "GER"]
[BlackTeamCountry "GER"]

1. d4 Nf6 2. c4 d6 3. Nc3 Nbd7 4. Nf3 e5 5. Bg5 Be7 6. Qc2 c6 7. e3 Qa5 8. Bd3
a6 9. O-O h6 10. Bh4 O-O 11. Rfd1 Re8 12. Rab1 Qc7 13. b4 Nh5 14. Bxe7 Rxe7 15.
Bh7+ Kh8 16. Bf5 Nf8 17. c5 exd4 18. cxd6 Qxd6 19. Rxd4 Bxf5 20. Qxf5 Qg6 21.
Nh4 Qxf5 22. Nxf5 Rc7 23. Ne4 Ne6 24. Rd2 g6 25. Nfd6 Kg7 26. Nc5 b6 27. Nxe6+
fxe6 28. f3 Nf6 29. e4 g5 30. Rc1 Nd7 31. Nc4 Rb8 32. Rcd1 Nf8 33. Rd6 Kf6 34.
a3 Ng6 35. Rd7 Rxd7 36. Rxd7 c5 37. Rc7 cxb4 38. axb4 b5 39. Na5 Ne5 40. Nc6
Nxc6 41. Rxc6 Rd8 42. Rxa6 Rd4 43. Kf2 Rxb4 44. Rb6 h5 45. Kg3 Rb2 46. h4 gxh4+
47. Kxh4 Rxg2 48. Rxb5 Rh2+ 49. Kg3 Rh1 50. Kg2 Rh4 51. Rb1 e5 52. Kg3 Rf4 53.
Rb6+ Ke7 54. Rh6 Rf8 55. Rxh5 Ke6 56. Rh6+ Ke7 57. Ra6 Kd7 58. Kf2 Ke7 59. Ke3
Rb8 60. Kd3 Rb3+ 61. Kc4 Rxf3 62. Kd5 Rb3 63. Kxe5 Rb5+ 64. Kf4 Rc5 65. Ra1 Rb5
66. Rd1 Ra5 67. e5 Ra4+ 68. Kf5 Ra2 69. Ke4 Ra4+ 70. Kf5 Ra2 71. Rd3 Ra1 72.
Rd2 Rb1 73. Kg4 1/2-1/2

[Event "Bundesliga 0001"]
[Site "Deutschland"]
[Date "2000.12.09"]
[Round "3.6"]
[White "Schaller, Sven"]
[Black "Heinemann, Thies"]
[Result "1/2-1/2"]
[WhiteElo "2334"]
[BlackElo "2468"]
[PlyCount "110"]
[EventDate "2000.10.14"]
[EventType "team"]
[EventRounds "15"]
[EventCountry "GER"]
[SourceTitle "Bundesliga 0001"]
[Source "DeepChess"]
[SourceDate "2005.01.01"]
[SourceVersion "1"]
[SourceVersionDate "2005.01.01"]
[SourceQuality "1"]
[WhiteTeam "SK Koenig Plauen"]
[BlackTeam "Hamburger SK 1830 e.V."]
[WhiteTeamCountry "GER"]
[BlackTeamCountry "GER"]

1. Nf3 c5 2. c4 Nc6 3. Nc3 Nf6 4. g3 d6 5. Bg2 g6 6. d4 cxd4 7. Nxd4 Bd7 8.
Nxc6 Bxc6 9. Nd5 Bg7 10. Bg5 Bxd5 11. cxd5 h6 12. Bd2 Nd7 13. a4 Bxb2 14. Rb1
Bg7 15. Rxb7 Nc5 16. Rb4 Rb8 17. O-O Rxb4 18. Bxb4 Qb6 19. Bxc5 Qxc5 20. Qc1
Bd4 21. Qxc5 Bxc5 22. Rb1 Bb6 23. Rc1 O-O 24. Bh3 Kg7 25. e3 f5 26. Rc4 h5 27.
Bf1 Bc5 28. h3 Rb8 29. g4 hxg4 30. hxg4 Kf6 31. gxf5 gxf5 32. Rh4 Rb1 33. Kg2
Ke5 34. Rh7 Kxd5 35. Rxe7 f4 36. exf4 Rb4 37. Kg3 Rxa4 38. Bg2+ Kc4 39. Re4+
Kb3 40. Rxa4 Kxa4 41. Bd5 Kb4 42. Kf3 Kc3 43. Ke4 Bxf2 44. f5 Bh4 45. Bc6 Be7
46. Kd5 Bf8 47. f6 a5 48. Ke6 Kd4 49. Kf7 Ke5 50. Kxf8 Kxf6 51. Ke8 Ke6 52. Kd8
d5 53. Kc7 d4 54. Kb6 Kd6 55. Ba4 d3 1/2-1/2

[Event "Bundesliga 0001"]
[Site "Deutschland"]
[Date "2000.12.09"]
[Round "3.7"]
[White "Reeh, Oliver"]
[Black "Sandner, Gunter"]
[Result "1-0"]
[WhiteElo "2420"]
[BlackElo "2333"]
[PlyCount "79"]
[EventDate "2000.10.14"]
[EventType "team"]
[EventRounds "15"]
[EventCountry "GER"]
[SourceTitle "Bundesliga 0001"]
[Source "DeepChess"]
[SourceDate "2005.01.01"]
[SourceVersion "1"]
[SourceVersionDate "2005.01.01"]
[SourceQuality "1"]
[WhiteTeam "Hamburger SK 1830 e.V."]
[BlackTeam "SK Koenig Plauen"]
[WhiteTeamCountry "GER"]
[BlackTeamCountry "GER"]

1. e4 c5 2. Nf3 Nc6 3. d4 cxd4 4. Nxd4 Nf6 5. Nc3 e5 6. Ndb5 d6 7. a4 Nb4 8.
Bc4 Be6 9. Nd5 Nbxd5 10. exd5 Bf5 11. O-O a6 12. Nc3 Be7 13. a5 O-O 14. Be3 Nd7
15. Qd2 Bg6 16. Na4 Qc7 17. Bb3 Rad8 18. c4 f5 19. f3 Rde8 20. Nb6 Nc5 21. Bc2
f4 22. Bxc5 Qxc5+ 23. Kh1 Bxc2 24. Qxc2 Rf7 25. b4 Qc7 26. Rac1 Bd8 27. c5 Qb8
28. Nc4 Bc7 29. Rfd1 Rf6 30. Nd2 g5 31. Ne4 Rg6 32. Qa4 Re7 33. c6 h5 34. b5
bxc6 35. b6 cxd5 36. bxc7 Rxc7 37. Rxc7 Qxc7 38. Qb3 Qc4 39. Qb8+ Kh7 40. Qb7+
1-0

[Event "Bundesliga 0001"]
[Site "Deutschland"]
[Date "2000.12.09"]
[Round "3.8"]
[White "Kuraszkiewicz, Michael"]
[Black "Sebastian, Dirk"]
[Result "1-0"]
[WhiteElo "2309"]
[BlackElo "2334"]
[PlyCount "83"]
[EventDate "2000.10.14"]
[EventType "team"]
[EventRounds "15"]
[EventCountry "GER"]
[SourceTitle "Bundesliga 0001"]
[Source "DeepChess"]
[SourceDate "2005.01.01"]
[SourceVersion "1"]
[SourceVersionDate "2005.01.01"]
[SourceQuality "1"]
[WhiteTeam "SK Koenig Plauen"]
[BlackTeam "Hamburger SK 1830 e.V."]
[WhiteTeamCountry "GER"]
[BlackTeamCountry "GER"]

1. d4 g6 2. e4 Bg7 3. Nc3 d6 4. Be3 c6 5. Qd2 Nd7 6. Nf3 Ngf6 7. h3 O-O 8. Bd3
e5 9. dxe5 dxe5 10. O-O Qe7 11. Bh6 Nc5 12. Rad1 Nh5 13. Rfe1 f6 14. Be3 Be6
15. Qc1 Rfd8 16. Bf1 Bf8 17. Nd2 Qf7 18. Nb3 Nxb3 19. axb3 Qc7 20. Qa1 b6 21.
Qa6 Nf4 22. Bc4 Bxc4 23. Qxc4+ Kg7 24. Kh2 Rac8 25. g3 Rxd1 26. Rxd1 b5 27.
Nxb5 cxb5 28. Qxb5 Qxc2 29. Rd7+ Kg8 30. gxf4 Qxe4 31. Rxa7 Qc6 32. Qxc6 Rxc6
33. fxe5 fxe5 34. b4 Bxb4 35. Bh6 Bc5 36. Rg7+ Kh8 37. Rb7 Kg8 38. b4 Bd6 39.
Rg7+ Kh8 40. Rd7 Kg8 41. b5 Rb6 42. Be3 1-0

[Event "Bundesliga 0001"]
[Site "Deutschland"]
[Date "2000.12.09"]
[Round "3.1"]
[White "Epishin, Vladimir"]
[Black "Khenkin, Igor"]
[Result "1-0"]
[WhiteElo "2567"]
[BlackElo "2633"]
[PlyCount "73"]
[EventDate "2000.10.14"]
[EventType "team"]
[EventRounds "15"]
[EventCountry "GER"]
[SourceTitle "Bundesliga 0001"]
[Source "DeepChess"]
[SourceDate "2005.01.01"]
[SourceVersion "1"]
[SourceVersionDate "2005.01.01"]
[SourceQuality "1"]
[WhiteTeam "Luebecker SV von 1873 "]
[BlackTeam "TV Tegernsee"]
[WhiteTeamCountry "GER"]
[BlackTeamCountry "GER"]

1. d4 Nf6 2. c4 e6 3. Nc3 Bb4 4. e3 c5 5. Nge2 cxd4 6. exd4 O-O 7. a3 Be7 8.
Nf4 d5 9. cxd5 Nxd5 10. Ncxd5 exd5 11. Bd3 Nc6 12. O-O Bg5 13. Re1 Bxf4 14.
Bxf4 Qh4 15. Be3 Be6 16. Qd2 Qf6 17. f3 Bf5 18. Bf1 h6 19. b4 Ne7 20. Bf2 Rac8
21. Rac1 Rfd8 22. a4 Be6 23. a5 Nf5 24. Qf4 g5 25. Qd2 Nd6 26. h3 Rxc1 27. Rxc1
Nc4 28. Bxc4 dxc4 29. Qc3 a6 30. Re1 Qg6 31. Re5 Qb1+ 32. Kh2 Qb3 33. Qe1 c3
34. d5 Bxd5 35. Bd4 Qxb4 36. Re8+ Rxe8 37. Qxe8+ 1-0

[Event "Bundesliga 0001"]
[Site "Deutschland"]
[Date "2000.12.09"]
[Round "3.2"]
[White "Ribli, Zoltan"]
[Black "Hodgson, Julian M"]
[Result "1/2-1/2"]
[WhiteElo "2569"]
[BlackElo "2640"]
[PlyCount "35"]
[EventDate "2000.10.14"]
[EventType "team"]
[EventRounds "15"]
[EventCountry "GER"]
[SourceTitle "Bundesliga 0001"]
[Source "DeepChess"]
[SourceDate "2005.01.01"]
[SourceVersion "1"]
[SourceVersionDate "2005.01.01"]
[SourceQuality "1"]
[WhiteTeam "TV Tegernsee"]
[BlackTeam "Luebecker SV von 1873 "]
[WhiteTeamCountry "GER"]
[BlackTeamCountry "GER"]

1. Nf3 d5 2. d4 c6 3. c4 Nf6 4. Nc3 dxc4 5. a4 Bg4 6. Ne5 Nbd7 7. Nxg4 Nxg4 8.
e3 Ngf6 9. Bxc4 e6 10. O-O Bb4 11. Qb3 Qb6 12. Rd1 O-O 13. Bd2 Qa5 14. Be1 Nb6
15. Be2 Kh8 16. Bf3 Rad8 17. e4 h6 18. h4 1/2-1/2